| 000 | 00775cab a2200229 4500 | ||
|---|---|---|---|
| 001 | WB3007-25 | ||
| 008 | 090401t1994 xxu||||| |||| 00| 0 eng d | ||
| 035 | _a(Sirsi) u71563 | ||
| 041 | _aeng | ||
| 245 | _aUS 1995 construction budget | ||
| 260 | _c1994 | ||
| 350 | _a0 | ||
| 490 |
_aEngineering News Record _v14 February 1994, 8-9(2) |
||
| 520 | _aOutlines the United States Federal budget for construction in 1995. Construction programs seem likely to be squeezed with spending on infrastructure and the Environmental Protection Agency to be increased. | ||
| 650 | _aCONSTRUCTION MARKET | ||
| 650 | _aGOVERNMENT SPENDING | ||
| 650 |
_aInfrastructure _96246 |
||
| 650 | _aUNITED STATES | ||
| 690 | _aOVERSEAS-NORTH AMERICA | ||
| 942 | _n0 | ||
| 948 | _c04/03/1997 | ||
| 999 |
_c45134 _d45134 |
||